Moeda - Continente - Africano - Statistics

Estatísticas Gerais
  • Esse quiz foi jogado 27 vezes
  • A pontuação média é 26 de 55
Estatísticas das Respostas
Pais Cod. / Fraccao Moeda % Correto
Liberia LRD / Centimo Dolar
94%
Namibia NAD / ZAR / Centimo Dolar / Rand
94%
Egipto EGP / Piastra Libra
75%
Sudao SDG / Piastra Libra
75%
Sudao do Sul SSP / Piastra Libra
75%
Tunisia TND / Milesimo Dinar
69%
Argelia DZD / Centimo Dinar
69%
Libia LYD / Dirame Dinar
69%
Sahara Ocidental DZD MRO MAD Dinar Uguia Dirame Peseta
69%
Guine Conacri GNF / Centimo Franco
63%
Djibuti DJF / Centimo Franco
63%
Ruanda RWF / Centimo Franco
63%
Burundi BIF / Centimo Franco
63%
Comoros KMF / Centimo Franco
63%
Mali XOF / Centimo Franco CFA BCEAO
63%
Niger XOF / Centimo Franco CFA BCEAO
63%
Senegal XOF / Centimo Franco CFA BCEAO
63%
Guine Bissau XOF / Centimo Franco CFA BCEAO
63%
Costa de Marfim XOF / Centimo Franco CFA BCEAO
63%
Togo XOF / Centimo Franco CFA BCEAO
63%
Benin XOF / Centimo Franco CFA BCEAO
63%
Chade XAF / Centimo Franco CFA BEAC
63%
Camaroes XAF / Centimo Franco CFA BEAC
63%
Guine Equatorial XAF / Centimo Franco CFA BEAC
63%
Gabao XAF / Centimo Franco CFA BEAC
63%
Republica Centro-Africana XAF / Centimo Franco CFA BEAC
63%
Rep. Congo XAF / Centimo Franco CFA BEAC
63%
Rep. Dem. do Congo XAF / Centimo Franco CFA BEAC
63%
Zimbabwe CAD / Cent Pula Euro Rand Dolar
63%
Burkina Faso XOF / Centimo Franco CFA BCEAO
56%
Mauricias MUR / Centimo Rupia
50%
Seychelles SCR / Centimo Rupia
50%
Somalia SOS / Centimo Xelim
50%
Uganda UGX / Centimo Xelim
50%
Quenia KES / Centimo Xelim
50%
Tanzania TZS / Centimo Xelim
50%
Cabo Verde CVE / Centavo Escudo
44%
Africa do Sul ZAR / Centimo Rand
44%
Angola AOA / Centimo Kwanza
31%
Marroco MAD / Centimo Dirame
19%
Zambia ZMK / Negwee Kwacha
19%
Malawi MWK / Tambala Kwacha
19%
Mocambique MZN / centavo Metical
19%
Madagascar MGA / Iraimbilanja Ariare Malgaxe
13%
Etiopia ETB / Centimo Birr
13%
Gana GHS / Pesewa Cedi
13%
Gambia GMD / Butut Dalasi
13%
Sao Tome e Principe STD / Centimo Dobra
13%
Serra Leoa SLL / Centimo Leone
13%
Suazilandia SZL / Centimo Lilangeni
13%
Lesoto LSL / ZAR / Centimo Loti / Rand
13%
Nigeria NGN / Kobo Naira
13%
Eritreia ERN / Cent Nakfa
13%
Botswana BWP / Thebe Pula
13%
Mauritania MRO / Khoums Uguia
13%
Nenhum quiz correspondente encontrado
Distribuição das Pontuações
Porcentagem de Pessoas com Cada Pontuação
Percentil de Números Respondidos
Sua Pontuação Histórica
Você não jogou esse quiz